| 000 | 00686nam a22001817a 4500 | ||
|---|---|---|---|
| 005 | 20180622124133.0 | ||
| 010 | _aA-903472 | ||
| 020 | _a8187224061 | ||
| 035 | _aA-903472 | ||
| 037 | _bBPPD/PUB | ||
| 082 | _a658.0021 | ||
| 100 | _aSharma K.K | ||
| 245 |
_aStatistics in Management Studies _cby K.K.Sharma _b(For M.B.A, PGDBA, PGDBM, B.B.A, B.B.M of various Indian Universities and Institutions Also for C.A. Foundation Course) |
||
| 260 |
_aMeerut _bKrishna prakashan Media (P) Ltd. _c1999 |
||
| 270 |
_aPrabhat Offset Printers ( P) Ltd. _bMeerut |
||
| 300 |
_aviii, 648p. _c24cm (Hb ) _bIll.(Map) |
||
| 942 |
_adpl _cEN _k658.0024/ SHA _2ddc _h658.0024 _mSHA |
||
| 999 |
_c152963 _d152963 |
||